Central Library OPAC University of Rajshahi

Computer contract negotiations / (Record no. 59781)

MARC details
000 -LEADER
fixed length control field 00784nam a2200253 a 4500
001 - CONTROL NUMBER
control field 59781
003 - CONTROL NUMBER IDENTIFIER
rucl marc code BD-RjUL
005 - DATE AND TIME OF LATEST TRANSACTION
control field 20211209080753.0
008 - FIXED-LENGTH DATA ELEMENTS--GENERAL INFORMATION
fixed length control field 161227s1981 nyua b 001 0 eng
020 ## - INTERNATIONAL STANDARD BOOK NUMBER
International Standard Book Number 0442203691
035 ## - SYSTEM CONTROL NUMBER
System control number (BD-RjUL)59905
040 ## - CATALOGING SOURCE
Original cataloging agency BD-RjUL
Transcribing agency BD-RjUL
Modifying agency BD-RjUL
Language of cataloging eng
041 ## - LANGUAGE CODE
Language code of text/sound track or separate title eng
082 00 - DEWEY DECIMAL CLASSIFICATION NUMBER
Classification number 346.73024
Edition number 23
Author mark and year AUC 1981
100 1# - MAIN ENTRY--PERSONAL NAME
Personal name Auer, Joseph.
9 (RLIN) 177879
245 10 - TITLE STATEMENT
Title Computer contract negotiations /
Statement of responsibility, etc. Joseph Auer, Charles Edison Harris.
260 ## - PUBLICATION, DISTRIBUTION, ETC. (IMPRINT)
Place of publication, distribution, etc. New York :
Name of publisher, distributor, etc. Van Nostrand Reinhold,
Date of publication, distribution, etc. c1981.
300 ## - PHYSICAL DESCRIPTION
Pagination ix, 390 p. :
Illustrations ill. ;
Size 26 cm.
500 ## - GENERAL NOTE
General note Includes index.
504 ## - BIBLIOGRAPHY, ETC. NOTE
Bibliography, etc Bibliography: p. 383.
650 #0 - SUBJECT ADDED ENTRY--TOPICAL TERM
Topical term or geographic name as entry element Computer contracts
Geographic subdivision United States.
9 (RLIN) 176796
700 1# - ADDED ENTRY--PERSONAL NAME
Personal name Harris, Charles Edison,
Relator term joint author.
942 ## - ADDED ENTRY ELEMENTS (KOHA)
Source of classification or shelving scheme Dewey Decimal Classification
Koha item type Books
Holdings
Lost status Source of classification or shelving scheme Damaged status Not for loan Collection code Permanent Location Current Location Shelving location Date acquired Source of acquisition Total Checkouts Full call number Date last seen Copy number Koha item type
  Dewey Decimal Classification   Not For Loan Non-fiction Central Library, University of Rajshahi Central Library, University of Rajshahi Reading Room 25/02/1986 Asia foundation   346.73024 AUC 1981 27/12/2016 C-1 Books